La comedia nueva o El café

Salvato in:
Dettagli Bibliografici
Autore principale: Moratín, Leandro Fernández de
Natura: Libro
Lingua:Undetermined
Pubblicazione: Buenos Aires, Argentina Librería del Colegio 1966
Soggetti:
Tags: Aggiungi Tag
Nessun Tag, puoi essere il primo ad aggiungerne!!

MARC

LEADER 00000nam a2200000Ia 4500
008 170316s9999 xx 000 0 und d
040 |a cru BVZT 
090 |a 862 M-56c 
100 |a Moratín, Leandro Fernández de 
245 |a La comedia nueva o El café 
260 |a Buenos Aires, Argentina 
260 |b Librería del Colegio 
260 |c 1966 
300 |a 79 páginas 
650 |a LITERATURA ESPAÑOLA 
650 |a COMEDIA 
999 |c 10201  |d 10201 
942 |c 15 D  |h 862 M-56c  |2 z